000 00941nam a22001937a 4500
003 NALT
005 20221122111034.0
008 s2554 th tha d
040 _aNALT
041 _atha
090 _aKD 32/2550
_bร355 2554
245 0 0 _aรัฐธรรมนูญแห่งราชอาณาจักรไทย ราชกิจจานุเบกษา ฉบับกฤษฎีกา เล่ม 128 ตอนที่ 13ก วันที่ 4 มีนาคม 2554.
260 _aกรุงเทพฯ :
_bสำนักเลขาธิการคณะรัฐมนตรี,
_c2554.
300 _a9 หน้า ;
_b
_c30 ซม.
650 4 _aรัฐธรรมนูญ
_929284
_zไทย
_y2550 (แก้ไขเพิ่มเติม 2554)
850 _aNALT
942 _cLB
_2local
998 _bชวนพิชญ์ รัตนาไพบูลย์
_bphon
_c101
_j104
_k นางสาวสายฝน ดีงาม
999 _c71192
_d71192